000
00300nam a22001337a 4500
008
260324b ||||| |||| 00| 0 eng d
020
_a
9789951053464
041
_a
Shqip
080
_a
821.18
100
_a
25
101
_a
Vjersha
245
_a
Bletëzat
_c
Drenusha Zajmi- Hoxha
942
_2
udc
_c
BK
999
_c
60925
_d
60925